Rasul manual no . 7 for subordinate engineers sanitary engineering / (Record no. 548071)
[ view plain ]
| 000 -LEADER | |
|---|---|
| fixed length control field | 00421nam a22001337a 4500 |
| 082 ## - DEWEY DECIMAL CLASSIFICATION NUMBER | |
| Classification number | 628 |
| Author Mark | PUB |
| 100 ## - MAIN ENTRY--PERSONAL NAME | |
| Personal name | Public Works Department, |
| 9 (RLIN) | 42353 |
| 245 ## - TITLE STATEMENT | |
| Title | Rasul manual no . 7 for subordinate engineers sanitary engineering / |
| 260 ## - PUBLICATION, DISTRIBUTION, ETC. | |
| Place of publication, distribution, etc. | Lahore: |
| Name of publisher, distributor, etc. | Public Works Department, Govt Printing Punjab |
| Date of publication, distribution, etc. | c1955 |
| 300 ## - PHYSICAL DESCRIPTION | |
| Extent | 335p,; |
| Other physical details | iil,: |
| 526 ## - STUDY PROGRAM INFORMATION NOTE | |
| Program name | 0 |
| Interest level | 0 |
| Reading level | 0 |
| Title point value | 628_000000000000000_PUB |
| 650 ## - SUBJECT ADDED ENTRY--TOPICAL TERM | |
| Topical term or geographic name entry element | MCE |
| 9 (RLIN) | 379 |
| 942 ## - ADDED ENTRY ELEMENTS (KOHA) | |
| Source of classification or shelving scheme | |
| Koha item type | Book |
| Withdrawn status | Lost status | Source of classification or shelving scheme | Damaged status | Not for loan | Permanent Location | Current Location | Date acquired | Total Checkouts | Full call number | Barcode | Date last seen | Price effective from | Koha item type |
|---|---|---|---|---|---|---|---|---|---|---|---|---|---|
| Military College of Engineering (MCE) | Military College of Engineering (MCE) | 08/19/2014 | 628 PUB | MCE-1609 | 08/19/2014 | 08/19/2014 | Book |
